Tablicy integralov i drugije matematičeskije formuly /

Uložené v:
Podrobná bibliografia
Hlavný autor: Dwight, Herbert Bristol, 1885-1975 (Author)
Médium: Kniha
Jazyk:Russian
Vydané: Moskva : Nauka, 1977.
Fyzický popis: 224 strán.
Tagy: Pridať tag
Žiadne tagy, Buďte prvý kto otaguje tento záznam!

MARC

LEADER 00000nam a22000002i 4500
001 000633607
005 20200417161004.0
008 200417s1977 ru e 000 0 rus d
020 |c Kčs 9,00  |q (viazané) 
040 |a SVKKK  |b slo  |c SVKKK  |e rda 
100 1 |a Dwight, Herbert Bristol,  |d 1885-1975  |4 aut 
245 1 0 |a Tablicy integralov i drugije matematičeskije formuly /  |c Herbert Bristol Dwight. 
264 1 |a Moskva :  |b Nauka,  |c 1977. 
300 |a 224 strán. 
336 |a text  |b txt  |2 rdacontent 
337 |a bez média  |b n  |2 rdamedia 
338 |a zväzok  |b nc  |2 rdacarrier 
500 |a Záznam revízie 
910 |a svkkk 
998 |a BK 
090 |g SCKHL  |k Sklad Pribinova 2. posch.  |a III.114915  |j 594762  |i 2720732538  |4 Zastaraná  |s Vyradená 
090 |g SCKHL  |k Sklad Pribinova 2. posch.  |a III.115587  |j 600127  |i 2720728358  |4 Zastaraná  |s Vyradená